Responses for Show #2206 - Monday, March 21, 1994

Contestants

[<< previous game]

Walter Kramer, an environmental scientist from Salt Lake City, Utah

Ron Hogan, a film student originally from Boston, Massachusetts

Paul Johnson, an environmental attorney originally from Fairfax, Virginia (whose 1-day cash winnings total $10,000)

[next game >>]

Jeopardy! Round responses

ARKANSAS
LADIES OF SONG
HEALTH & MEDICINE
HISTORIC NICKNAMES
GAMBLING
"T" TIME
    $100 7
Little Rock

Walter
    $100 3
Janet Jackson

Paul
    $100 15
warts

Paul
    $100 26
Napoleon

Paul
    $100 20
bingo

Paul
    $100 1
touch

Paul
    $200 8
the Republicans

Walter
    $200 12
Whitney Houston

Ron
    $200 16
a kidney stone

Walter
    $200 27
Gandhi

Paul
    $200 21
roulette

Ron
    $200 2
tweed

Ron
    $300 9
soybeans

Walter
    $300 13
(Ron: Who is Gail Gaynor?)
(Walter: Who is Dionne Warwick?)

Carole King

RonWalter
Triple Stumper
    $300 17
(Paul: What is CPR?)

the Heimlich maneuver

PaulWalter
    $300 28
Franklin

Paul
    $300 22
third place

Walter
    $300 4
tigers

Paul
    $400 10
aluminum

Paul
    $400 14
Janis Ian

Walter
    $400 18
(Paul: What is the Dalkon Shield?)

breast implants

PaulWalter
    $400 29
Omar Khayyam

Paul
    $400 23
jai alai

Paul
    $400 5
television

Paul
    $500 11
(Walter: What is Diamond Caves?)

Hot Springs

RonWalter
    $500 25
Lulu

Walter
    $800 19
Retin-A

Walter
    $500 30
John Adams

Ron
    $500 24
baccarat

Ron
    $500 6
tobacco

Paul

Scores at the first commercial break (after clue 15):

Paul Ron Walter
$1,900 $600 $200

Scores at the end of the Jeopardy! Round:

Paul Ron Walter
$2,700 $1,800 $2,700

Double Jeopardy! Round responses

MYTHOLOGY
INTERNATIONAL CUISINE
NOTORIOUS
DANCE
VICE PRESIDENTS
LITERARY POTPOURRI
    $200 14
a tree

Ron
    $200 2
tempura

Walter
    $200 7
Al Capone

Paul
    $200 26
(Isadora) Duncan

Walter
    $200 11
Jefferson

Paul
    $200 1
Jane Eyre

Walter
    $400 15
the Medusa

Ron
    $400 3
(Paul: What is oyster?)

lobster

PaulRon
    $400 8
Salem

Walter
    $400 27
Italy

Walter
    $400 12
Humphrey

Walter
    $400 19
the New Yorker

Ron
    $1,000 16
Capricorn

Ron
    $600 4
goulash

Ron
    $600 9
Capote

Walter
    $600 28
(Ron: What is a waltz?)
(Paul: What is a gavotte?)

a minuet

PaulRonWalter
    $600 21
Al Gore

Ron
    $600 20
Iberia

Paul
    $800 17
Icarus

Ron
    $800 5
paella

Walter
    $800 10
(Walter: Who is Bugsy Malone?)

(Bugsy) Siegel

PaulWalter
    $800 29
the Russian ballet (the Ballets Russes)

Ron
    $2,000 22
(Ron: [No response])

Alben Barkley

Ron
    $800 23
Melville

Paul
    $1000 18
Cassandra

Walter
    $1000 6
tabbouleh

Walter
    $1000 13
Gary Gilmore

Walter
    $1000 30
(Walter: Who is Coleman?)
(Ron: Who is Winningham?)

Merce Cunningham

RonWalter
Triple Stumper
    $1000 24
(Elbridge) Gerry

Paul
    $1000 25
Dostoyevsky

Ron

Scores at the end of the Double Jeopardy! Round:

Paul Ron Walter
$5,300 $4,400 $7,700

[wagering suggestions for these scores]

Final Jeopardy! Round responses

ISLANDS
RonWhat is Majorca?
$4,350
PaulWhat is Cyprus?
$3,600
WalterWhat is Malta?
$2,901
Malta

Final scores:

Paul Ron Walter
$1,700 $50 $10,601
2nd place: trip to Ixtapa, Mexico 3rd place: MCE home stereo system + Wheel of Fortune & Jeopardy! games for the Super Nintendo & Sega Genesis New champion: $10,601

Game dynamics:

Coryat scores:

Paul Ron Walter
$5,300 $6,000 $7,400
19 R,
4 W
16 R
(including 1 DD),
4 W
(including 1 DD)
22 R
(including 1 DD),
4 W

Combined Coryat: $18,700

[game clues] [game scores] [suggest correction]

Game tape date: 1993-12-13
The J! Archive is created by fans, for fans. Scraping, republication, monetization, and malicious use prohibited; this site may use cookies and collect identifying information. See terms. The Jeopardy! game show and all elements thereof, including but not limited to copyright and trademark thereto, are the property of Jeopardy Productions, Inc. and are protected under law. This website is not affiliated with, sponsored by, or operated by Jeopardy Productions, Inc. Join the discussion at JBoard.tv.